000 00416 a2200133 4500
005 20250616171116.0
020 _a978-1-936420-32-2
082 _a004 KHA
100 _aKHAN, A
245 _aBusiness Intelligence Data Warehousing Simplified: 500 Questions, Answers and Tips.
260 _aNew Delhi,
_bMercury Learning and Information LLC,
_c2012.
300 _axxiv, 296p.: ill.; table
_bIndex.
_c23cm.
942 _2ddc
_cBKS
999 _c137
_d137